| 000 -LEADER |
| fixed length control field |
00935nam a22000977a 4500 |
| 008 - FIXED-LENGTH DATA ELEMENTS--GENERAL INFORMATION |
| fixed length control field |
161205b xxu||||| |||| 00| 0 eng d |
| 100 ## - MAIN ENTRY--AUTHOR'S NAME |
| Author's Name |
Austria. Generaldirektion fur die Post- und Telegraphenverwaltung. |
| 245 ## - TITLE STATEMENT |
| Title |
100 Jahre osterreichische Briefmarke |
| 260 ## - PUBLICATION, DISTRIBUTION, ETC. (IMPRINT) |
| Place of publication, distribution, etc. |
Wien (Vienna) Austria |
| Name of publisher, distributor, etc. |
Osterreichischen Staatsdruckerei) |
| Date of publication, distribution, etc. |
1950 |
| 650 ## - TOPICAL TERM (Tag) |
| Topical term or geographic name |
Austria | 1850-1950 | Austro-Hungarian Empire | Postal Issues | Stamps -- Histories | Classic Issues | Definitive Issues | First Issues | Embossed Issues | Newspaper and Periodical Issues | Commemorative Issues | Postage Dues | Semi-postal Issues | Telegraph Issues | Austria -- Lombardy-Venetia (1815-1866) | Austria -- Offices in Turkish Empire (1863-1914) | Austria -- Offices Abroad | Austria -- Bosnia and Herzegovina (1879-1918) | Austria -- Offices in Liechtenstein (1850-1920) | Austro-Hungarian Military Post | Production | Essays and Proofs | Designs, Unaccepted | Artists and Designers |